<?xml version="1.0" encoding="UTF-8"?>
<record
    xmlns:xsi="http://www.w3.org/2001/XMLSchema-instance"
    xsi:schemaLocation="http://www.loc.gov/MARC21/slim http://www.loc.gov/standards/marcxml/schema/MARC21slim.xsd"
    xmlns="http://www.loc.gov/MARC21/slim">

  <leader>010920am a22003010004500</leader>
  <controlfield tag="003">EG-GiCUC</controlfield>
  <controlfield tag="008">080412s1995    ua c   f      000 0bara d</controlfield>
  <datafield tag="017" ind1=" " ind2=" ">
    <subfield code="a">1994 / 10852</subfield>
    <subfield code="b">&#x645;&#x635;&#x631;.&#x62F;&#x627;&#x631; &#x627;&#x644;&#x643;&#x62A;&#x628;</subfield>
  </datafield>
  <datafield tag="020" ind1=" " ind2=" ">
    <subfield code="a">9772701855</subfield>
  </datafield>
  <datafield tag="040" ind1=" " ind2=" ">
    <subfield code="a">EG-GiCUC</subfield>
    <subfield code="b">ara</subfield>
    <subfield code="c">EG-GiCUC</subfield>
  </datafield>
  <datafield tag="043" ind1=" " ind2=" ">
    <subfield code="a">f-ua---</subfield>
  </datafield>
  <datafield tag="092" ind1="0" ind2="4">
    <subfield code="a">962.054</subfield>
    <subfield code="b">M2142</subfield>
    <subfield code="2">21</subfield>
  </datafield>
  <datafield tag="099" ind1=" " ind2=" ">
    <subfield code="a">04</subfield>
    <subfield code="a">962.054 M2142</subfield>
  </datafield>
  <datafield tag="100" ind1="1" ind2=" ">
    <subfield code="a">&#x627;&#x644;&#x645;&#x62D;&#x644;&#x627;&#x648;&#x649; : &#x62D;&#x646;&#x641;&#x649;</subfield>
  </datafield>
  <datafield tag="245" ind1="1" ind2="2">
    <subfield code="a">&#x627;&#x644;&#x645;&#x644;&#x643;&#x629; &#x646;&#x627;&#x632;&#x644;&#x649; / </subfield>
    <subfield code="c">&#x62D;&#x646;&#x641;&#x649; &#x627;&#x644;&#x645;&#x62D;&#x644;&#x627;&#x648;&#x649;</subfield>
  </datafield>
  <datafield tag="246" ind1="3" ind2="4">
    <subfield code="a">&#x627;&#x644;&#x645;&#x644;&#x643;&#x629; &#x646;&#x627;&#x632;&#x644;&#x649; &#x628;&#x64A;&#x646; &#x633;&#x62C;&#x646; &#x627;&#x644;&#x62D;&#x631;&#x64A;&#x645; &#x648; &#x643;&#x631;&#x633;&#x649; &#x627;&#x644;&#x639;&#x631;&#x634;</subfield>
  </datafield>
  <datafield tag="250" ind1=" " ind2=" ">
    <subfield code="a">&#x637;1</subfield>
  </datafield>
  <datafield tag="260" ind1=" " ind2=" ">
    <subfield code="a">&#x627;&#x644;&#x642;&#x627;&#x647;&#x631;&#x629; : </subfield>
    <subfield code="b">&#x627;&#x644;&#x62F;&#x627;&#x631; &#x627;&#x644;&#x645;&#x635;&#x631;&#x64A;&#x629; &#x627;&#x644;&#x644;&#x628;&#x646;&#x627;&#x646;&#x64A;&#x629; : </subfield>
    <subfield code="c">1995</subfield>
  </datafield>
  <datafield tag="300" ind1=" " ind2=" ">
    <subfield code="a">272&#x635; : </subfield>
    <subfield code="b">&#x635;&#x648;&#x631; &#x61B; </subfield>
    <subfield code="c">22&#x633;&#x645;</subfield>
  </datafield>
  <datafield tag="651" ind1=" " ind2="7">
    <subfield code="a">&#x645;&#x635;&#x631;</subfield>
    <subfield code="x">&#x627;&#x644;&#x645;&#x644;&#x643;&#x627;&#x62A;</subfield>
    <subfield code="2">qrmak</subfield>
  </datafield>
  <datafield tag="651" ind1=" " ind2="7">
    <subfield code="a">&#x645;&#x635;&#x631;</subfield>
    <subfield code="x">&#x627;&#x644;&#x645;&#x644;&#x648;&#x643; &#x648; &#x627;&#x644;&#x62D;&#x643;&#x627;&#x645;</subfield>
    <subfield code="2">qrmak</subfield>
  </datafield>
  <datafield tag="651" ind1=" " ind2="7">
    <subfield code="a">&#x645;&#x635;&#x631;</subfield>
    <subfield code="x">&#x62A;&#x627;&#x631;&#x64A;&#x62E;</subfield>
    <subfield code="y">&#x627;&#x644;&#x639;&#x635;&#x631; &#x627;&#x644;&#x62D;&#x62F;&#x64A;&#x62B;</subfield>
    <subfield code="2">qrmak</subfield>
  </datafield>
  <datafield tag="902" ind1=" " ind2=" ">
    <subfield code="a">1</subfield>
  </datafield>
  <datafield tag="905" ind1=" " ind2=" ">
    <subfield code="a">&#x628;&#x644;&#x62A;&#x627;&#x62C;&#x649;</subfield>
    <subfield code="e">&#x645;&#x631;&#x627;&#x62C;&#x639;</subfield>
  </datafield>
  <datafield tag="905" ind1=" " ind2=" ">
    <subfield code="a">&#x62C;&#x645;&#x627;&#x644;</subfield>
    <subfield code="e">&#x645;&#x62F;&#x62E;&#x644;</subfield>
  </datafield>
  <datafield tag="942" ind1=" " ind2=" ">
    <subfield code="2">ddc</subfield>
    <subfield code="c">BK</subfield>
  </datafield>
  <datafield tag="999" ind1=" " ind2=" ">
    <subfield code="c">99650</subfield>
    <subfield code="d">99650</subfield>
  </datafield>
  <datafield tag="952" ind1=" " ind2=" ">
    <subfield code="2">ddc</subfield>
    <subfield code="7">0</subfield>
    <subfield code="a">CUCL</subfield>
    <subfield code="b">cl222</subfield>
    <subfield code="d">2024-02-11</subfield>
    <subfield code="o">962.054 M2142</subfield>
    <subfield code="p">01000100116060000</subfield>
    <subfield code="r">2023-09-23 00:00:00</subfield>
    <subfield code="t">C.1</subfield>
    <subfield code="y">BK</subfield>
  </datafield>
</record>
